Biblioteca

El olvido de la humanidad de Jesús (Registro nro. 69426)

Detalles MARC
000 -LÍDER
Campo fijo de descripción fija 01132nab a2200193 i 4500
001 - NÚMERO DE CONTROL
Campo de control 768714001
003 - IDENTIFICADOR DEL NÚMERO DE CONTROL
Campo de control CO-MdFUSB
005 - FECHA Y HORA DE LA ULTIMA TRANSACCIÓN
control field 20240430085208.0
008 - ELEMENTOS DE LONGITUD FIJA -- INFORMACIÓN GENERAL
Campo fijo de descripción fija -- Información general 240429b sp ||||| |||| 00| 0 spa d
040 ## - FUENTE DE CATALOGACIÓN
Idioma de catalogación spa
Agencia que realiza la transcripción CO-MdFUSB
Agencia que realiza la modificación CO-MdFUSB
041 ## - CÓDIGO DE IDIOMA
Código de idioma para texto/pista de sonido o título separado spa
100 ## - ASIENTO PRINCIPAL--NOMBRE PERSONAL
Nombre personal Messi Metogo, Éloi,
Término relacionador autor
245 #3 - TÍTULO
Título El olvido de la humanidad de Jesús
Mención de responsabilidad / Éloi Messi Metogo
520 ## - NOTA DE RESUMEN, ETC.
Nota de sumario, etc. Estos pensamientos se basan en la comprensión: el olvido de la humanidad de Jesús pone en riesgo el evangelio de la salvación en África. Las iglesias independientes o afrocristianas y las iglesias renacentistas exhiben características similares, con algunas excepciones, a las iglesias misioneras católicas y protestantes. Están guiados por una figura de Cristo que es a la vez mística y sanadora, capaz de contrarrestar los elementos que causan la enfermedad y la muerte.
650 #7 - ASIENTO SECUNDARIO DE MATERIA - TERMINO TEMÁTICO
Término temático o nombre geográfico como elemento de entrada Cristología
9 (RLIN) 239
653 ## - TÉRMINO DE INDIZACIÓN - NO CONTROLADO
Término no controlado Soteriológico y antropológico
773 0# - ASIENTO DE ITEM FUENTE
Biblionumber 49450
Itemnumber 60405
Otro identificador del ítem R0341
Título Revista internacional de teología Concilium
Número de control del registro (CO-MdFUSB)8
Número Internacional Normalizado para Publicaciones Seriadas (ISSN) 0210-1041
Parte(s) relacionada(s) / Volumen., número. (mes año), páginas Número 314, (febrero, 2006), páginas: 23 - 28
Enumeración y primera página página: 23
942 ## - TIPO DE MATERIAL (KOHA)
Tipo de Item KOHA Artículos de Revista

No hay ítems disponibles.

Biblioteca FUSBC | Teléfono: (57+4) 349 88 10 Ext. 141| WhatsApp (+57) 3005338115 
E-mail: biblioteca@unisbc.edu.co | Calle 76 87-14 Robledo Palenque, Medellín, Colombia

Con tecnología Koha